| 000 | 01019nam0a2200253 4500 | ||
|---|---|---|---|
| 001 | RU\NLR\BIBL_A\011826225 | ||
| 005 | 20250626135219.0 | ||
| 035 | _a(NLR Aleph) 011826225 | ||
| 090 |
_a11987140 _c11987140 |
||
| 100 | _a20181017d1931 |||y0rusy50 ca | ||
| 101 | 0 | _ache | |
| 102 | _aRU | ||
| 105 | _ay z 000 y | ||
| 200 | 1 |
_aЕЛККБ-н иссулгIучу съездан жамIаш _eдокладахошна материалаш _fЕЛККБ-н Коьртин Комитет. Пропагандин, теорин дешаран отдел _gгочдинарг ХьажIалиев М. М.-Э. |
|
| 210 |
_aСоьлжа-ГIала _cНохчоблзорб _d1931 |
||
| 215 |
_a117 с. _d24 |
||
| 300 | _aЛатин. графика | ||
| 541 | 1 |
_aИтоги IX съезда ВЛКСМ _zrus |
|
| 601 | 1 | 2 |
_aВЛКСМ _xСъезд 9-й. Москва, 1931 _91262881 _3RU\NLR\AUTH\66201167 |
| 686 | 1 | _aФ75(2)11 | |
| 852 |
_aNLR _bОНЛ _jЧеч./3-446 |
||
| 942 | _cBOOK | ||
| 980 | _aNB | ||